000
00296nam a22001337a 4500
008
170601b xxu||||| |||| 00| 0 eng d
020
_a
9780312570699
041
_a
eng
080
_a
94(100)
100
_a
17
101
_a
SHH
245
_a
ACCOMPLICE TO EVIL
_c
LEDEEN,M.A
942
_2
udc
_c
BK
999
_c
15298
_d
15298